[Event "TUR-chT2"]
[Site "Konya"]
[Date "2015.07.30"]
[Round "8.11"]
[White "Bagaturov, Giorgi"]
[Black "Ozgur, Sercin"]
[Result "1-0"]
[WhiteElo "2399"]
[BlackElo "2157"]
[PlyCount "29"]
[EventDate "2015.07.25"]
[EventType "team-swiss"]
[EventRounds "9"]
[EventCountry "TUR"]
[SourceTitle "EXT 2017"]
[Source "ChessBase"]
[SourceDate "2016.10.25"]
[SourceVersion "1"]
[SourceVersionDate "2016.10.25"]
[SourceQuality "1"]
[WhiteTeam "Ankara Odtu"]
[BlackTeam "Istanbul Dobruca"]
[WhiteTeamCountry "TUR"]
[BlackTeamCountry "TUR"]

1. d4 Nf6 2. Nf3 g6 3. g3 Bg7 4. Bg2 d6 5. c4 0-0 6. Nc3 Nbd7 7. 0-0 c5 8. d5 b5 9. Re1 a6 10. b3 Ng4 11. Nb1 f5 12. e3 Ngf6 13. Kh1 Ra7 14. Ng5 h6 15. Ne6 1-0

[Event "TUR-chT2"]
[Site "Konya"]
[Date "2011.07.07"]
[Round "5"]
[White "Arman, Deniz"]
[Black "Ozgur, Sercin"]
[Result "1-0"]
[WhiteElo "2310"]
[BlackElo "2190"]
[PlyCount "57"]
[EventDate "2011.07.04"]
[EventType "team-swiss"]
[EventRounds "9"]
[EventCountry "TUR"]
[SourceTitle "CBM 143 Extra"]
[Source "ChessBase"]
[SourceDate "2011.08.29"]
[SourceVersion "1"]
[SourceVersionDate "2011.08.29"]
[SourceQuality "1"]
[WhiteTeam "Istanbul Moda"]
[BlackTeam "Istanbul Dobruca"]
[WhiteTeamCountry "TUR"]
[BlackTeamCountry "TUR"]

1. e4 d6 2. d4 Nf6 3. Nc3 g6 4. f4 Bg4 5. Qd3 c6 6. h3 Bd7 7. g4 Na6 8. Nf3 Qa5 9. Bg2 h5 10. g5 Nh7 11. 0-0 Bg7 12. Be3 0-0-0 13. a3 Nc7 14. b4 Qa6 15. Qd2 d5 16. Rfb1 b6 17. b5 Qb7 18. a4 dxe4 19. Ne5 Bxe5 20. fxe5 f5 21. exf6 exf6 22. Nxe4 Ne8 23. a5 f5 24. axb6 axb6 25. Nc5 bxc5 26. bxc6 Bxc6 27. Rxb7 Bxb7 28. Bxb7+ Kxb7 29. Qg2+ 1-0